Responses for Show #5044 - Thursday, July 13, 2006

Contestants

[<< previous game]

Rebecca Pinchoff, a pediatrician from Forest Hills, New York

Eric Allen, a video game merchandiser from Birmingham, Alabama

Susan Matejko, a legal secretary from Kailua, Hawaii (whose 1-day cash winnings total $8,000)

[next game >>]

Jeopardy! Round responses

THE BARD WRITES
KIRSTEN, REESE OR SCARLETT
(Alex: Dunst, Witherspoon, or Johansson.)
NAME THAT AFRICAN COUNTRY
I'M SORRY
REMEMBERING THE '90s
BETTER "RED"
    $200 21
Macbeth

Rebecca
    $200 11
(Eric: Who is Scarlett?)

Kirsten

EricRebecca
    $200 15
Egypt

Susan
    $200 1
Rumsfeld

Eric
    $200 20
the (Tampa Bay) Buccaneers

Rebecca
    $200 2
a redneck

Eric
    $400 22
(Eric: Who is Henry IV?)

Richard III

EricRebecca
    $400 12
(Rebecca: Who is Kirsten?)

Scarlett

EricRebecca
    $400 16
Morocco

Eric
    $400 7
Marion Barry

Eric
    $400 26
Hillary Clinton

Susan
    $400 3
a Redcoat

Eric
    $600 23
Desdemona

Eric
    $600 13
Reese

Eric
    $600 17
(Rebecca: What is the Central African Republic?)

Congo

SusanRebecca
    $600 8
Newt Gingrich

Eric
    $600 27
(Leslie) Stahl

Rebecca
    $600 4
a robin redbreast

Triple Stumper
    $800 24
a pound of flesh

Rebecca
    $800 14
(Rebecca: Who is Scarlett?)

Kirsten

SusanRebecca
    $800 18
Somalia

Eric
    $800 9
Gary Hart

Eric
    $2,000 28
(Rebecca: Who is Prince Harry?)
(Alex: Oh, you picked the wrong one. [*], who will be Prince of Wales.)

Prince William

Rebecca
    $800 5
(Eric: Who is Robert Redford?)

Red Buttons

Eric
Triple Stumper
    $1000 25
(Eric: What is the mouth?)

the tongue

EricRebecca
    $1000 19
Reese

Eric
    $1000 30
Namibia

Triple Stumper
    $1000 10
(Susan: Who is Arafat?)

James Bakker

SusanRebecca
    $1000 29
van Gogh

Rebecca
    $1000 6
The Red and the Black

Triple Stumper

Scores at the first commercial break (after clue 15):

Susan Eric Rebecca
$0 $2,600 $0

Scores at the end of the Jeopardy! Round:

Susan Eric Rebecca
$1,000 $4,000 $1,600

Double Jeopardy! Round responses

WORLD RELIGION
DISNEY FILM VOICES
IT'S AN ILLUSION
"F"RIENDS OF SCIENCE
WORLD LEADERS
MEATY WORDS
    $400 21
Ireland

Rebecca
    $400 7
The Jungle Book

Eric
    $400 12
(Eric: What is philosophy?)

psychology

Eric
Triple Stumper
    $400 2
(Dian) Fossey

Susan
    $400 24
Moscow

Susan
    $400 1
chuck

Rebecca
    $800 22
fire

Rebecca
    $800 8
Mulan

Eric
    $800 13
mirage

Rebecca
    $2,000 16
Fahrenheit

Eric
    $800 25
(Alex: Prime minister of Japan, [*].)

Junichiro Koizumi

Triple Stumper
    $800 3
round

Susan
    $1200 23
Tibet

Eric
    $1200 9
Hercules

Eric
    $1200 14
converge

Eric
    $1200 17
(Alexander) Fleming

Eric
    $1200 26
(Eric: Who is Kohl?)

Gerhard Schröder

Eric
Triple Stumper
    $1200 4
T-bone

Triple Stumper
    $1600 27
(Eric: What are the Upanishads?)

Vedas

Eric
Triple Stumper
    $1600 10
Robin Hood

Eric
    $1600 15
Op Art

Eric
    $1600 18
(Alex: Yes, "You are invited to see the turning of the Earth" was his invitation.)

Foucault

Rebecca
    $1,000 5
flank

Susan
    $2000 28
[The end-of-round signal sounds.]

the Sanhedrin

Eric
    $2000 11
Maleficent

Rebecca
    $2000 20
(Eric: What is face?)

ground

Eric
Triple Stumper
    $2000 19
(Eric: Who is Fermi?)

Richard Feynman

Eric
Triple Stumper
    $2000 6
rump

Eric

Scores at the end of the Double Jeopardy! Round:

Susan Eric Rebecca
$3,600 $12,000 $7,600

[wagering suggestions for these scores]

Final Jeopardy! Round responses

U.S. HISTORY
(Alex: You have to figure we're looking for a general who was out in the field, not back at headquarters, planning strategies.)
...
(Alex: Yes. Bentonville--they tried to stop him going through the Carolinas.)
SusanWho was Grant
$3,599
RebeccaWho is Lee?
$5,000
EricWho was Sherman?
$3,201
William Tecumseh Sherman

Final scores:

Susan Eric Rebecca
$1 $15,201 $2,600
3rd place: $1,000 New champion: $15,201 2nd place: $2,000

Game dynamics:

Coryat scores:

Susan Eric Rebecca
$4,200 $10,800 $9,600
8 R
(including 1 DD),
1 W
23 R
(including 1 DD),
9 W
15 R,
4 W
(including 1 DD)

Combined Coryat: $24,600

[game clues] [game scores] [suggest correction]

Game tape date: Unknown
The J! Archive is created by fans, for fans. Scraping, republication, monetization, and malicious use prohibited; this site may use cookies and collect identifying information. See terms. The Jeopardy! game show and all elements thereof, including but not limited to copyright and trademark thereto, are the property of Jeopardy Productions, Inc. and are protected under law. This website is not affiliated with, sponsored by, or operated by Jeopardy Productions, Inc. Join the discussion at JBoard.tv.